| 000 | 00000nas 2200000za 4500 |
| 001 | 9.506195 |
| 003 | CaOODSP |
| 005 | 20221107133609 |
| 007 | cr ||||||||||| |
| 008 | 150406d20042016qucar p o f0 a0eng|d |
| 020 | |z978-0-662-46543-0|z978-1-100-10040-1|z978-1-100-12973-0 |
| 022 | |a1927-2456 |
| 040 | |aCaOODSP|beng |
| 043 | |an-cn--- |
| 086 | 1 |aEn81-10E-PDF|zEn81-10/2005E-PDF|zEn81-10/2006E-PDF|zEn81-10/2007E-PDF |
| 245 | 00|aFleet average NOx emission performance of ... model year light-duty vehicles, light-Duty trucks and medium-duty passenger vehicles |h[electronic resource] : |bin relation to the On-Road Vehicle and Engine Emission Regulations under the Canadian Environmental Protection Act, 1999. |
| 260 | |a[Gatineau, Quebec] : |bEnvironment Canada, |c2006-2018. |
| 310 | |aAnnual |
| 362 | 0 |a2004-2016. |
| 500 | |aIssued also in French under title: Rendement des émissions moyennes de NOx du parc de véhicules légers, de camionnettes et de véhicules moyens à passagers pour l'année modèle ... : par rapport au Règlement sur les émissions des véhicules routiers et de leurs moteurs en vertu de la Loi canadienne sur la protection de l'environnement (1999). |
| 588 | |aDescription based on: 2004. |
| 588 | |aLatest issue consulted: 2016. |
| 692 | 07|2gccst|aMotor vehicles |
| 692 | 07|2gccst|aEmission control technology |
| 710 | 1 |aCanada.|bEnvironment Canada. |bTransportation Division. |
| 775 | 08|tRendement des émissions moyennes de NOx du parc de véhicules légers, de camionnettes et de véhicules moyens à passagers pour l'année modèle ... |w(CaOODSP)9.502593 |
| 785 | 00|tAir pollutant emission performance for the … model year on-road vehicle fleet : |w(CaOODSP)9.889955 |